MDQL
is popping MORE tags! Check the
thread
!
Quizzes
Events
Quiz Creation
Community
Videos
Private Events
Remove Ads
Sign In
Join for FREE
Feedback
Dark Mode
Quiz Categories
Sports
Geography
Music
Movies
Television
Just For Fun
Miscellaneous
History
Literature
Language
Science
Gaming
Entertainment
Religion
Holiday
For Kids
Quiz Lab
Recent
Popular Today
Quiz Kudos Today
Editor Picks
Curator Picks
Quizzes by...
Day
Popularity
Type
Ratings
Length
Year
Community
Subscriptions
Recent Discussions
Orange Saloon
Badges
Playlists
Quests
Create
Leaderboards
Showdown
Live 5
Trivia Bingo
Activity
Puzzle Library
Sporcle Events
Private Events
Virtual Trivia
Globe League
Become a Host
Pub Owners
SporcleCon
Opinionation
Our Games
Videos
Blog
Mobile Apps
Partnerships
Remove Ads and Go Orange
Feedback
Sports
Athletes
MLB
NBA
NHL
NFL
Soccer
Sports Teams
WWE
NCAA
Football
Premier League
Basketball
Baseball
Hockey
Golf
Tennis
Cricket
Rugby
Auto Racing
Olympics
World Cup
Sports
Athletes
MLB
NBA
NHL
NFL
Soccer
Sports Teams
WWE
NCAA
Football
Premier League
Basketball
Baseball
Hockey
Golf
Tennis
Cricket
Rugby
Auto Racing
Olympics
World Cup
Random Quiz
Search Sporcle
×
Curator Pick
Curator Pick
Sports
Auto Racing
Type in answers that appear in a list
Type in answers that appear in a list
Classic
Best Score? Go Orange.
F1 Top 10 Teams - 1980's Stats
Can you name the Top 10 teams in the F1 World Constructors Championship standings from 1980-1989?
By
PJC_90
6m
100 Questions
3,980 Plays
3,980 Plays
3,980 Plays
Comments
Comments
Give Quiz Kudos
Give Quiz Kudos
-
- Ratings
hide this ad
Replay
Link that replays current quiz
Next Quiz
Link to next quiz in quiz playlist
You Got
0%
They Got
Avg Score
87%
Avg Friend Score
Upgrade to see
Score Distribution
Jump to the score distribution portion of the page
Score
0/100
Timer
06:00
1
Play Today
% Correct
Ferrari
99.7%
Ferrari
99.7%
Ferrari
99.7%
Ferrari
99.7%
Ferrari
99.7%
Ferrari
99.7%
Ferrari
99.7%
Ferrari
99.7%
Ferrari
99.7%
Ferrari
99.7%
McLaren-Ford
99.5%
McLaren-Ford
99.5%
McLaren-Ford
99.5%
McLaren-TAG
99.5%
McLaren-TAG
99.5%
McLaren-TAG
99.5%
McLaren-TAG
99.5%
McLaren-Honda
99.5%
McLaren-Honda
99.5%
McLaren-Ford
99.5%
Williams-Ford
99.2%
Williams-Ford
99.2%
Williams-Ford
99.2%
Williams-Ford
99.2%
Williams-Honda
99.2%
Williams-Honda
99.2%
Williams-Honda
99.2%
Williams-Honda
99.2%
Williams-Renault
99.2%
Williams-Judd
99.2%
Lotus-Ford
94%
Lotus-Ford
94%
Lotus-Renault
94%
Lotus-Renault
94%
% Correct
Lotus-Renault
94%
Lotus-Honda
94%
Lotus-Honda
94%
Lotus-Judd
94%
Lotus-Ford
94%
Lotus-Renault
94%
Brabham-Ford
92.7%
Brabham-Ford
92.7%
Brabham-BMW
92.7%
Brabham-BMW
92.7%
Brabham-BMW
92.7%
Brabham-BMW
92.7%
Brabham-BMW
92.7%
Brabham-Judd
92.7%
Brabham-Ford/BMW
92.6%
Renault
91.4%
Renault
91.4%
Renault
91.4%
Renault
91.4%
Renault
91.4%
Renault
91.4%
Benetton-BMW
90.5%
Benetton-Ford
90.5%
Benetton-Ford
90.5%
Benetton-Ford
90.5%
Tyrrell-Ford
88.4%
Tyrrell-Ford
88.4%
Tyrrell-Ford
88.4%
Tyrrell-Ford
88.4%
Tyrrell-Ford
88.4%
Tyrrell-Ford
88.4%
Tyrrell-Renault
88.4%
Tyrrell-Ford
88.4%
Tyrrell-Renault
88.4%
% Correct
Tyrrell-Ford
88.4%
Ligier-Ford
85.7%
Ligier-Renault
85.7%
Ligier-Renault
85.7%
Ligier-Renault
85.7%
Ligier-Matra
85.6%
Ligier-Matra
85.6%
Arrows-Megatron
80.1%
Arrows-Ford
80.1%
Arrows-Ford
80.1%
Arrows-Ford
80.1%
Arrows-Ford
80.1%
Arrows-Ford
80.1%
Arrows-BMW
80.1%
Arrows-BMW
80.1%
Arrows-Megatron
80.1%
Arrows-Ford
80.1%
Minardi-Ford
75.1%
Toleman-Hart
69.9%
Toleman-Hart
69.9%
March-Judd
69.8%
Alfa Romeo
64.7%
Alfa Romeo
64.7%
Alfa Romeo
64.7%
Alfa Romeo
64.7%
Lola-Ford
63.8%
Lola-Ford
63.8%
Dallara-Ford
53.4%
Fittipaldi-Ford
52.3%
Zakspeed
45.1%
Onyx-Ford
42.9%
Rial-Ford
33.2%
Quiz Playlist
Details
Report
Send in Message
Add To Playlist
Classic:
Type in answers that appear in a list
Last Updated: Mar 22, 2017
Curator Pick in
Auto Racing
Quiz Scoreboard
CHALLENGE
Sign Up to Join the Scoreboard
Show All
Scores
Hide
Comments
May contain spoilers
Recently Published
Street Fighter Characters
by Artimus82
Gaming
60s
9x9 Crossword: Cartoon Network
by jackfrog10
Miscellaneous
3m
College Basketball Coaching Resumes
by pancakes188
Sports
9m
More to Explore
Quiz From the Vault
Featured Blog Post
Where Did the Easter Bunny Come From?
hide this ad
You Might Also Like...
Tags
Auto Racing Quiz
1980
1980s
constructor
Constructors Champions
F1 Teams
Formula 1
team
Top 10
Today's Top Quizzes in Sports
Browse Sports
hide this ad
Today's Top Quizzes in Auto Racing
Browse Auto Racing
Top Contributed Quizzes in Sports
1
2022 World Cup Stars
2
Les meilleurs buteurs des matchs entre le PSG et l’OM
3
FIFA Club World Cup Champions
4
Les entraîneurs de l'OM et du PSG au 21e siècle
5
Criteria MLB: Left Handed Sluggers
6
2023 MLB Unique Player Accomplishments
7
AFC Teams Reveal (Wrong Answers Minefield)
8
5-to-1: FBS Animal Nicknames
9
Players with Multiple 50 Home Run Seasons
10
5-to-1: UK Sports Teams
Explore More
Trending Topics
Anime
Marvel
Crossword
NBA
Kpop
Disney
Harry Potter
Country
Puzzle
Song
The Office
NFL
WWE
Pokémon
Soccer
hide this ad
More By:
PJC_90
Quiz
Plays
Rating
Category
Featured
Created
Names in Common
24,156
4.81
Entertainment
Mar 15, 2016
F1 Logic Puzzle: Teams (2010's)
14,001
4.15
Sports
Apr 29, 2021
F1 Top 10 Drivers - 2000's
9,931
4.80
Sports
Jan 6, 2016
F1 Logic Puzzle: Teams (2000's)
7,483
4.25
Sports
Apr 27, 2021
Criteria Match: F1 Drivers
7,189
4.45
Sports
Mar 8, 2016
Go to Creator's Profile
Score Distribution
Quiz Creator Spotlight
PJC_90
Follow
Send a Message
Quizzes Created
-
Created Quiz Play Count
-
More By This Creator
Popular Quizzes Today
1
Find the US States - No Outlines Minefield
2
Find the Countries of Europe - No Outlines Minefield
3
The Countries of the World
4
Find the US States
5
Risky Map Clicking: Biggest States A-Z
6
US States
7
Popular People in 1961
8
Movies - When Are They Set?
More Sports Quizzes
Golf Major Winners: 2010s
Published
Trending Quizzes
Risky Map Clicking: Least Populous States A-Z
Countries of the World: 200 Million BC
1-10 Letter G Words
Risky Map Clicking: Next State Alphabetically
Adjectives in 80s TV Shows
Recently Updated
Leaping Animals
pecheneg
Reality TV Shows (A-Z)
bhenderson79
Rickey Henderson's Hall of Fame Teammates
pecheneg
Champions League XIs: Arsenal
pecheneg
Quick Pick: Celebrities in WWE's Hall of Fame
aduchscher
A-Z Keypad Blitz II
pecheneg
Multiple Oscar Actors
pecheneg
Mystery Phrase Blitz: Oscar 'Best Actors'
pecheneg
F. Scott Fitzgerald Novels
LTH
Pick 3 Villains
ddd62291
Trending Topics
Anime
Marvel
Disney
NBA
Kpop
Harry Potter
Crossword
NFL
WWE
Country
Soccer
Pokémon
Puzzle
Song
The Office
Your Account Isn't Verified!
In order to create a playlist on Sporcle, you need to verify the email address you used during registration. Go to your
Sporcle Settings
to finish the process.
Report this User
Report this user for behavior that violates our
Community Guidelines
.
Details:
Send Report
Go to the Sporcle.com Mobile Site →
Comments